[Event "PNWCC Masters 2020"]
[Site "chess.com INT"]
[Date "2020.05.25"]
[Round "9.30"]
[White "Wang, Alex Yuxuan"]
[Black "Tu, Lawrence"]
[Result "1-0"]
[WhiteElo "1983"]
[BlackElo "1554"]
[WhiteFideId "30943876"]
[BlackFideId "30935407"]
[EventDate "2020.05.23"]

1. d4 d5 2. c4 e6 3. Nc3 c6 4. cxd5 exd5 5. Nf3 Nf6 6. Bg5 Bd6 7. e3 Nbd7 8. Bd3
Qc7 9. O-O h6 10. Bh4 O-O 11. Rc1 Qb8 12. a3 b6 13. b4 Bb7 14. Qe2 a5 15. Qb2
Rc8 16. Rfd1 Qa7 17. b5 c5 18. Bf5 g5 19. dxc5 Rxc5 20. Bg3 Bxg3 21. hxg3 Rac8
22. Na4 Rxc1 23. Rxc1 Rc4 24. Rxc4 dxc4 25. Nd2 Bd5 26. Qd4 Qb7 27. e4 Be6 28.
Bxe6 fxe6 29. Qxc4 Nf8 30. Qc6 Qd7 31. Nf1 Qd4 32. Qc3 Qxa4 33. Qxf6 Qxa3 34.
Qd4 Qc5 35. Qxc5 bxc5 36. Nd2 Nd7 37. Nc4 a4 38. Kf1 Nb6 39. Na3 Kf7 40. f4 Ke7
41. Ke2 Kd8 42. Kd3 Kd7 43. Nc4 Na8 44. b6 Kc6 45. f5 exf5 46. exf5 a3 47. Kc3
Nxb6 48. Nxb6 a2 49. Kb2 a1=Q+ 50. Kxa1 h5 51. f6 Kd6 52. Kb2 c4 53. Kc3 Ke6 54.
Nd5 1-0

[Event "PNWCC Masters 2020"]
[Site "chess.com INT"]
[Date "2020.05.25"]
[Round "9.32"]
[White "Wofford, Matthew"]
[Black "Samant, Neil"]
[Result "1-0"]
[WhiteElo "1995"]
[BlackElo "1764"]
[WhiteFideId "2095971"]
[BlackFideId "30951860"]
[EventDate "2020.05.23"]

1. e4 c5 2. Nf3 d6 3. d4 cxd4 4. Nxd4 Nf6 5. Nc3 a6 6. Be2 e5 7. Nb3 Be7 8. O-O
O-O 9. Re1 Be6 10. Bf3 Nbd7 11. a4 Rc8 12. a5 Rc4 13. Be3 Qc7 14. Nd2 Rc6 15.
Nf1 Rc8 16. h3 Qb8 17. Re2 Qc7 18. Nd5 Bxd5 19. exd5 Rc4 20. Rd2 Ne4 21. Bxe4
Rxe4 22. c3 g6 23. Rc2 f5 24. g3 f4 25. Nd2 Rb4 26. Rac1 Ra4 27. gxf4 exf4 28.
Bd4 Rxa5 29. Qg4 Nf8 30. c4 Qd7 31. Qf3 Ra4 32. b3 Ra3 33. Bb2 Ra2 34. Qc3 Rxb2
35. Rxb2 Qf5 36. Qf3 Bf6 37. Rbb1 Nd7 38. Qg4 Qxg4+ 39. hxg4 Ne5 40. Ne4 Be7 41.
g5 Nf3+ 42. Kg2 Nxg5 43. Nxg5 Bxg5 44. Kf3 b6 45. Re1 Bf6 46. Kxf4 Be5+ 47. Rxe5
dxe5+ 48. Kxe5 Kf7 49. Kd6 h5 50. Re1 h4 51. Kd7 Rh8 52. d6 h3 53. Kc7 g5 54. d7
g4 55. d8=Q Rxd8 56. Kxd8 Kf6 57. b4 Kf5 58. c5 bxc5 59. bxc5 Kf4 60. c6 Kf3 61.
c7 Kxf2 62. Ra1 g3 63. c8=Q h2 64. Qc2+ Kf3 65. Ra3+ Kf4 66. Qc4+ 1-0

[Event "PNWCC Masters 2020"]
[Site "chess.com INT"]
[Date "2020.05.25"]
[Round "9.33"]
[White "Xie, Brandon"]
[Black "Chang, Eddie"]
[Result "1-0"]
[WhiteElo "1852"]
[BlackElo "1667"]
[WhiteFideId "30941288"]
[BlackFideId "30960932"]
[EventDate "2020.05.23"]

1. e4 c5 2. Nf3 d6 3. Bb5+ Bd7 4. Bxd7+ Nxd7 5. d4 cxd4 6. Qxd4 Ngf6 7. Nc3 g6
8. Bg5 Bg7 9. O-O O-O 10. Qd2 Rc8 11. Rfe1 Nb6 12. Rad1 Nc4 13. Qc1 Re8 14. e5
Nd7 15. exd6 Qa5 16. Rd5 Qb4 17. dxe7 Qxb2 18. Qxb2 Nxb2 19. Nb5 Nb6 20. Rd8 f6
21. Rxe8+ Rxe8 22. Nd6 Rxe7 23. Rxe7 fxg5 24. Rxb7 g4 25. Ng5 1-0

[Event "PNWCC Masters 2020"]
[Site "chess.com INT"]
[Date "2020.05.25"]
[Round "9.34"]
[White "Jiang, Leo"]
[Black "Li, Thomas"]
[Result "1-0"]
[WhiteElo "1592"]
[BlackElo "1822"]
[WhiteFideId "30952140"]
[BlackFideId "30957621"]
[EventDate "2020.05.23"]

1. d4 Nf6 2. c4 g6 3. f3 Bg7 4. e4 d6 5. Nc3 O-O 6. Bg5 c5 7. d5 Nbd7 8. Qd2 Ne5
9. h4 h5 10. Be2 a6 11. Nh3 b5 12. Bh6 Nxc4 13. Bxc4 bxc4 14. Bxg7 Kxg7 15.
O-O-O Qa5 16. Qg5 Rb8 17. Nf4 Rh8 18. g4 Qc7 19. Rdg1 Rh6 20. gxh5 Nxh5 21.
Nxh5+ Rxh5 22. Qxh5 Qa5 23. Qg5 Bd7 24. h5 Rxb2 25. Kxb2 Qb4+ 26. Kc2 Ba4+ 27.
Nxa4 Qxa4+ 28. Kd2 Qxa2+ 29. Ke1 Qa5+ 30. Kf2 Qd2+ 31. Qxd2 1-0

[Event "PNWCC Masters 2020"]
[Site "chess.com INT"]
[Date "2020.05.25"]
[Round "9.35"]
[White "Modi, Ethan"]
[Black "Bian, Erin"]
[Result "1/2-1/2"]
[WhiteElo "1786"]
[BlackElo "1485"]
[WhiteFideId "30960592"]
[BlackFideId "30966043"]
[EventDate "2020.05.23"]

1. d4 Nf6 2. c4 e6 3. Nf3 b6 4. g3 Ba6 5. b3 d5 6. cxd5 exd5 7. Bg2 Nbd7 8. O-O
Bd6 9. Nc3 O-O 10. Re1 Re8 11. Bf4 Bxf4 12. gxf4 Bb7 13. Ne5 Ne4 14. Nxe4 dxe4
15. Qc2 c5 16. Nxd7 Qxd7 17. dxc5 bxc5 18. Qxc5 e3 19. Bxb7 exf2+ 20. Qxf2 Qxb7
21. Qg2 Re4 22. Rac1 Rae8 23. Rc4 Qb6+ 24. Kh1 Rxc4 25. bxc4 Qd4 26. f5 Qxc4 27.
f6 Qe4 28. fxg7 Qxg2+ 29. Kxg2 Re3 30. Kf2 Rh3 31. Rg1 Rxh2+ 32. Ke1 Rh6 33. Rg4
Rg6 34. Ra4 a6 35. e4 Kxg7 36. e5 Re6 37. Kf2 Kg6 38. Kg3 Kf5 39. Rf4+ Kxe5 40.
Rxf7 Rh6 41. a4 Kd5 42. Kg4 Kc5 43. Rb7 Rb6 44. Rxh7 Rb4+ 45. Kf3 Rxa4 46. Ke3
Rg4 47. Kd3 Kb5 48. Kc3 Rg3+ 49. Kb2 Rg4 50. Rb7+ Ka4 51. Rf7 a5 52. Rf3 Rg2+
53. Kb1 Kb4 54. Rf4+ Kb3 55. Rf3+ Kc4 56. Rf4+ Kd3 57. Ra4 Rg5 58. Kb2 Rb5+ 59.
Ka2 Kc3 60. Rh4 Rb4 61. Rh3+ Kd2 62. Rh2+ Ke1 63. Rb2 Re4 64. Ka3 Kd1 65. Rb5
Kc2 66. Rxa5 1/2-1/2

[Event "PNWCC Masters 2020"]
[Site "chess.com INT"]
[Date "2020.05.25"]
[Round "9.36"]
[White "Jones, Davey"]
[Black "Tay, Brian"]
[Result "0-1"]
[WhiteElo "1593"]
[BlackElo "1898"]
[WhiteFideId "2088053"]
[BlackFideId "30941083"]
[EventDate "2020.05.23"]

1. e4 c5 2. c3 d5 3. exd5 Qxd5 4. d4 Nc6 5. Nf3 Bf5 6. Na3 cxd4 7. Nb5 Rc8 8.
Nbxd4 Nxd4 9. Nxd4 Bd7 10. Be3 Nf6 11. Nf3 Qxd1+ 12. Rxd1 a6 13. Be2 e6 14. O-O
Bc5 15. Bf4 Bc6 16. Ne5 Be4 17. Nc4 O-O 18. Nd6 Bxd6 19. Bxd6 Rfd8 20. Be7 Re8
21. Bxf6 gxf6 22. Rd4 Bc6 23. Rfd1 f5 24. f4 Kg7 25. Kf2 Kf6 26. Rd6 Rc7 27. c4
Rg8 28. g3 Rgc8 29. b4 Ke7 30. R6d4 Rd7 31. Bf3 Rxd4 32. Rxd4 Bxf3 33. Kxf3 h5
34. a3 f6 35. c5 Rd8 36. Rxd8 Kxd8 37. Ke3 e5 38. a4 Kd7 39. Kd3 Kc6 40. Kc4 e4
41. b5+ axb5+ 42. axb5+ Kd7 43. Kd4 Ke7 44. Kc4 Kd7 45. Kd4 Ke6 0-1

[Event "PNWCC Masters 2020"]
[Site "chess.com INT"]
[Date "2020.05.25"]
[Round "9.38"]
[White "Rao, Anjaneya"]
[Black "Yang, Maxwell"]
[Result "1-0"]
[WhiteElo "1814"]
[BlackElo "1075"]
[WhiteFideId "30954770"]
[BlackFideId "30965268"]
[EventDate "2020.05.23"]

1. e4 c5 2. Nf3 d6 3. d4 cxd4 4. Nxd4 Nf6 5. Nc3 a6 6. f3 e5 7. Nb3 Be6 8. Be3
h5 9. Qd2 Nbd7 10. O-O-O Be7 11. h4 Rc8 12. Kb1 b5 13. g4 Nb6 14. Na5 hxg4 15.
fxg4 Qc7 16. Bh3 Nfd7 17. g5 Bxh3 18. Rxh3 Nc4 19. Nxc4 Qxc4 20. Nd5 Bf8 21. Qg2
a5 22. Rf1 a4 23. Qf2 Kd8 24. Bb6+ Nxb6 25. Nxb6 Qc5 26. Nxc8 Qxf2 27. Rxf2 Kxc8
28. Rxf7 Kd8 29. a3 Ke8 30. Ra7 Be7 31. g6 Rf8 32. h5 Rf1+ 33. Ka2 Rg1 34. h6
gxh6 35. Rxh6 Bf6 36. Rf7 Be7 37. Rh8+ Kd7 38. g7 Ke6 39. Rxe7+ Kxe7 40. g8=Q
Rxg8 41. Rxg8 Ke6 42. Rb8 d5 43. Rb6+ Kd7 44. exd5 e4 45. Re6 b4 46. axb4 a3 47.
bxa3 e3 48. Rxe3 Kd6 49. c4 Kc7 50. c5 Kd7 51. b5 Kc7 52. d6+ Kd7 53. b6 Kc8 54.
c6 Kb8 55. Re8# 1-0

[Event "PNWCC Masters 2020"]
[Site "chess.com INT"]
[Date "2020.05.25"]
[Round "9.41"]
[White "Xu, Jayden"]
[Black "Harish, Neeraj"]
[Result "1-0"]
[WhiteElo "1683"]
[BlackElo "1472"]
[WhiteFideId "30941423"]
[BlackFideId "30958130"]
[EventDate "2020.05.23"]

1. d4 d5 2. c4 e6 3. Nc3 Be7 4. Nf3 Nf6 5. Bg5 O-O 6. e3 h6 7. Bh4 Ne4 8. Bxe7
Qxe7 9. cxd5 Nxc3 10. bxc3 exd5 11. Bd3 Be6 12. O-O c5 13. Re1 cxd4 14. exd4 Nd7
15. Bf5 Qd6 16. Bxe6 fxe6 17. Re3 Rac8 18. Qe1 Qa3 19. Rc1 Nf6 20. Rc2 Ne4 21.
Ne5 b5 22. f3 Nf6 23. Ng6 Rfe8 24. Rxe6 Kh7 25. Ne7 Rc7 26. Nxd5 Rxe6 27. Qxe6
Nxd5 28. Qxd5 Rxc3 29. Qf5+ Kh8 30. Re2 Qc1+ 31. Kf2 Rc8 32. Qxb5 Qc3 33. Re8+
Rxe8 34. Qxe8+ Kh7 35. Qe4+ Kg8 36. Kg3 Qb2 37. d5 1-0